|
|
|
|
| LEADER |
00000nam0a2200000 4500 |
| 001 |
158397 |
| 005 |
20231101222032.0 |
| 029 |
1 |
0 |
|a RU
|b 2976-2006
|c МИ
|
| 035 |
|
|
|a (RuTPU)RU\TPU\book\171788
|
| 090 |
|
|
|a 158397
|
| 100 |
|
|
|a 20090423d2006 k a0rusy50 ca
|
| 101 |
0 |
|
|a rus
|
| 102 |
|
|
|a RU
|
| 105 |
|
|
|a y l 001zy
|
| 122 |
2 |
|
|a d2007121020
|a d2007121020
|
| 200 |
1 |
|
|a Построение, содержание и изложение документов, регламентирующих методики количественного химического анализа
|e рекомендация МИ 2976-2006
|f Уральский научно-исследовательский институт метрологии (УНИИМ)
|
| 205 |
|
|
|a официальное изд.
|
| 210 |
|
|
|a Екатеринбург
|c ФГУП УНИИМ
|d 2006
|
| 215 |
|
|
|a 21 с.
|
| 225 |
1 |
|
|a Государственная система обеспечения единства измерений
|
| 300 |
|
|
|a Введена впервые
|
| 606 |
1 |
|
|a Количественный анализ
|x Обработка результатов
|2 stltpush
|3 (RuTPU)RU\TPU\subj\14719
|9 41073
|
| 610 |
1 |
|
|a методики
|
| 610 |
1 |
|
|a регламентирующие документы
|
| 610 |
1 |
|
|a построение
|
| 610 |
1 |
|
|a содержание
|
| 610 |
1 |
|
|a изложение
|
| 610 |
1 |
|
|a рекомендации
|
| 610 |
1 |
|
|a МИ 2976-2006
|
| 610 |
1 |
|
|a обработка
|
| 610 |
1 |
|
|a результаты
|
| 675 |
|
|
|a 543.062
|v 3
|
| 712 |
0 |
2 |
|a Уральский научно-исследовательский институт метрологии (УНИИМ)
|c (Екатеринбург)
|c (1992- )
|2 stltpush
|3 (RuTPU)RU\TPU\col\14082
|
| 801 |
|
1 |
|a RU
|b 63413507
|c 20090423
|g PSBO
|
| 801 |
|
2 |
|a RU
|b 63413507
|c 20221208
|g PSBO
|
| 942 |
|
|
|c BK
|